Harry Potter General Knowledge - Statistics

General Stats
  • This quiz has been taken 1,340 times
  • The average score is 19 of 23
Answer Stats
Hint Answer % Correct
Main Character Harry Potter
100%
Main Character's Best (Boy) Friend Ron Weasley
100%
Main Character's Best (Girl) Friend Hermione Granger
99%
Main Character's School Enemy Draco Malfoy
98%
Main Character's Girlfriend Ginny Weasley
98%
Main Character's Enemy Voldemort
94%
Second Book The Chamber of Secrets
93%
Main Character's God Father Sirius Black
92%
Third Book The Prisoner of Azkaban
91%
Fourth Book The Goblet of Fire
90%
Sixth Book The Half-Blood Prince
89%
Who is Snape Revealed to Be at the end of the Book? The Half-Blood Prince
87%
First Book The Philosopher's Stone
85%
Seventh Book The Deathly Hallows
84%
Best Author of All Time!! JK Rowling
82%
Fifth Book The Order of the Phoenix
81%
Person Who Pretends to Be Mad Eye Moody Barty Crouch Jr.
77%
Torturing Spell Crucio
74%
Killing Spell Avada Kedavra
70%
Summoning Spell Accio
69%
Big Event That Happens Triwizard Tournament
68%
Enlarging Spell Engorgio
49%
Spell that Makes Birds Fly Out of Your Wand Avis
14%
No matching quizzes found
Score Distribution
Percent of People with Each Score
Percentile by Number Answered
Your Score History
You have not taken this quiz